书目信息 |
| 题名: |
纤纤细腿
|
|
| 作者: | 于帆 , 彭鑫 主编 | |
| 分册: | ||
| 出版信息: | 北京 北京理工大学出版社 2009.04 |
|
| 页数: | 170页 | |
| 开本: | 21×19cm | |
| 丛书名: | 我型我塑 | |
| 单 册: | ||
| 中图分类: | R161 | |
| 科图分类: | ||
| 主题词: | 女性--nu xing--腿部--减肥 | |
| 电子资源: | ||
| ISBN: | 978-7-5640-2135-1 | |
| 000 | 00853nam 2200265 450 | |
| 001 | 012009285875 | |
| 005 | 20090430153957.50 | |
| 010 | @a978-7-5640-2135-1@dCNY17.80 | |
| 100 | @a20090430d2009 km y0chiy0120 ea | |
| 101 | 0 | @achi |
| 102 | @aCN@b110000 | |
| 105 | @aa z 000yy | |
| 106 | @ar | |
| 200 | 1 | @a纤纤细腿@Axian xian xi tui@f于帆, 彭鑫主编@Fyu fan,peng xin zhu bian |
| 210 | @a北京@c北京理工大学出版社@d2009.04 | |
| 215 | @a170页@c图@d21×19cm | |
| 225 | 2 | @a我型我塑@Awo xing wo su |
| 330 | @a本书是系列书之一,主要内容包括:纤纤细腿减肥须知,纤纤细腿饮食减肥,纤纤细腿瑜伽减肥,纤纤细腿按摩减肥等。 | |
| 410 | 0 | @12001 @a我型我塑 |
| 606 | 0 | @a女性@Anu xing@x腿部@x减肥 |
| 690 | @aR161@v4 | |
| 701 | 0 | @a于帆@Ayu fan@4主编 |
| 701 | 0 | @a彭鑫@Apeng xin@4主编 |
| 801 | 0 | @aCN@bQSSK@c20090430 |
| 905 | @b739987-89@dR161@eY708@f3 | |
| 纤纤细腿/于帆, 彭鑫主编.-北京:北京理工大学出版社,2009.04 |
| 170页:图;21×19cm.-(我型我塑) |
| ISBN 978-7-5640-2135-1:CNY17.80 |
| 本书是系列书之一,主要内容包括:纤纤细腿减肥须知,纤纤细腿饮食减肥,纤纤细腿瑜伽减肥,纤纤细腿按摩减肥等。 |
| ● |
| 相关链接 |
|
|
|
正题名:纤纤细腿
索取号:R161/Y708
 
预约/预借
| 序号 | 登录号 | 条形码 | 馆藏地/架位号 | 状态 | 备注 |
| 1 | 739987 | 207399876 | 自科库401/ [索取号:R161/Y708] | 在馆 | |
| 2 | 739988 | 207399885 | 自科库401/401自科库 5排1列1层/ [索取号:R161/Y708] | 在馆 | |
| 3 | 739989 | 207399894 | 自科库401/401自科库 5排1列1层/ [索取号:R161/Y708] | 在馆 |